Classical Greece, 500-323 BC /
| Outros autores: | |
|---|---|
| Formato: | Libro |
| Idioma: | English |
| Publicado: |
Oxford ; New York :
Oxford University Press,
2000 [reprinted 2009]
|
| Series: | The short Oxford history of Europe
|
| Subjects: | |
| Acceso en liña: | Table of contents only Publisher description Contributor biographical information |
| Classic Catalogue: | View this record in Classic Catalogue |
| LEADER | 01472nam a2200373 a 4500 | ||
|---|---|---|---|
| 001 | 29418 | ||
| 003 | BD-DhAAL | ||
| 005 | 20150728112818.0 | ||
| 008 | 150728r20092000enkab b 001 0 eng d | ||
| 010 | |a 2001274361 | ||
| 015 | |a GBA0-X7567 | ||
| 020 | |a 019873154X | ||
| 020 | |a 0198731531 (pbk.) | ||
| 020 | |a 9780198731535 | ||
| 035 | |a (OCoLC)ocm44152824 | ||
| 040 | |a UKM |c UKM |d EMU |d C#P |d DLC |d BD-DhAAL | ||
| 042 | |a lccopycat | ||
| 043 | |a e-gr--- | ||
| 050 | 0 | 0 | |a DF214 |b .C5 2000 |
| 082 | 0 | 0 | |a 938 |2 21 |
| 245 | 0 | 0 | |a Classical Greece, 500-323 BC / |c editor, Robin Osborne. |
| 260 | |a Oxford ; |a New York : |b Oxford University Press, |c 2000 [reprinted 2009] | ||
| 300 | |a ix, 271 p. : |b ill., maps ; |c 22 cm. | ||
| 490 | 4 | |a The short Oxford history of Europe | |
| 504 | |a Includes bibliographical references (p. [232]-236) and index. | ||
| 541 | |e 29418 | ||
| 651 | 0 | |a Greece |x History |y To 146 B.C. |9 11596 | |
| 700 | 1 | |a Osborne, Robin, |d 1957- |9 13288 | |
| 856 | 4 | 1 | |3 Table of contents only |u http://www.loc.gov/catdir/enhancements/fy0611/2001274361-t.html |
| 856 | 4 | 2 | |3 Publisher description |u http://www.loc.gov/catdir/enhancements/fy0611/2001274361-d.html |
| 856 | 4 | 2 | |3 Contributor biographical information |u http://www.loc.gov/catdir/enhancements/fy0726/2001274361-b.html |
| 942 | |2 ddc |c BK | ||
| 999 | |c 35083 |d 35083 | ||
| 952 | |0 0 |1 0 |2 ddc |4 0 |6 938_000000000000000_CLA |7 0 |9 54988 |a BRACUL |b BRACUL |c GEN |d 2015-07-28 |l 0 |o 938 CLA |p 3010029418 |r 2020-02-06 |t 1 |w 2015-07-28 |y BK | ||